000 00725nam a2200253Ia 4500
003 OSt
005 20220928122234.0
006 a|||||r|||| 00| 0
007 ta
008 220927b |||||||| |||| 00| 0 eng d
020 _cUKP 18.00
024 _a134242
037 _b120, 21/02/2017, Classic Book Service
_cTextual
040 _aSDCL
_cSDCL
_beng
041 _2eng
_aeng
082 _aV5'P, Q6
100 _aPelz William A.
_9456793
245 0 _aPeople's history of modern europe
260 _aLondon
_bPluto Press
_c2016
300 _axiv,273p.
_ccm.
650 _aHistory
942 _hV5'P, Q6
_cTEXL
_2CC
999 _c770354
_d770354